AMULET-2 (THE STONE KEEPER'S CURSE) (Record no. 12415)
[ view plain ]
| 000 -LEADER | |
|---|---|
| fixed length control field | 00268nam a22000977a 4500 |
| 008 - FIXED-LENGTH DATA ELEMENTS--GENERAL INFORMATION | |
| fixed length control field | 230919b |||||||| |||| 00| 0 eng d |
| 020 ## - INTERNATIONAL STANDARD BOOK NUMBER | |
| International Standard Book Number | 9789389823929 |
| 100 ## - MAIN ENTRY--PERSONAL NAME | |
| Personal name | KIBUISHI KAZU |
| 9 (RLIN) | 7631 |
| 245 ## - TITLE STATEMENT | |
| Title | AMULET-2 (THE STONE KEEPER'S CURSE) |
| 260 ## - PUBLICATION, DISTRIBUTION, ETC. (IMPRINT) | |
| Place of publication, distribution, etc. | NEWYORK |
| Name of publisher, distributor, etc. | SCHOLASTIC |
| Date of publication, distribution, etc. | 2008 |
| Withdrawn status | Lost status | Source of classification or shelving scheme | Damaged status | Koha normalized classification for sorting | Not for loan | Home library | Current library | Shelving location | Date acquired | Total Checkouts | Full call number | Barcode | Date last seen | Date last checked out | Price effective from | Koha item type |
|---|---|---|---|---|---|---|---|---|---|---|---|---|---|---|---|---|
| Dewey Decimal Classification | KIB_823_000000000000000 | Good Samaritan School Library | Good Samaritan School Library | FICTION | 09/19/2023 | 15 | KIB823 | KIB17713 | 02/02/2026 | 12/15/2025 | 09/19/2023 | BOOK |